| 000 | 00391cam a22001217a 4500 | ||
|---|---|---|---|
| 008 | 180718b1980 xxu||||| |||| 00| 0 eng d | ||
| 082 | _aT19x54 P886 | ||
| 100 | _aPrasad, K.N. | ||
| 245 |
_aProblems of economic development in the third world: with special reference to India _cby K.N. Prasad |
||
| 260 |
_aNew Delhi _bSterling _c1980 |
||
| 300 | _a458p. | ||
| 650 | _aIndia - Economic conditions | ||
| 999 |
_c351621 _d351621 |
||